000
00286nam a22001217a 4500
003
OSt
008
231026b |||||||| |||| 00| 0 eng d
041
_a
hin
100
_a
Agyey
_9
5539
245
_a
Amar vallari aur anya kahaniyan
260
_a
Banaras
_b
Saraswati press
_c
1954
942
_c
BK
999
_c
17757
_d
17757